书目信息 |
| 题名: |
二战情报战
|
|
| 作者: | 李乡状 编著 | |
| 分册: | ||
| 出版信息: | 北京 团结出版社 2018重印 |
|
| 页数: | 232页 | |
| 开本: | 24cm | |
| 丛书名: | 二战浪漫曲 | |
| 单 册: | ||
| 中图分类: | D526 , K152 | |
| 科图分类: | ||
| 主题词: | 第二次世界大战--Di Er Ci Shi Jie Da Zhan--情报活动--史料 | |
| 电子资源: | ||
| ISBN: | 978-7-5126-2342-2 | |
| 000 | 01163nam 2200289 45 | |
| 001 | 012001010087 | |
| 005 | 20140102141829.0 | |
| 010 | @a978-7-5126-2342-2@dCNY48.00 | |
| 099 | @aCAL 012014047432 | |
| 100 | @a20140228d2014 em y0chiy50 ea | |
| 101 | 0 | @achi |
| 102 | @aCN@b110000 | |
| 105 | @aa z 000yy | |
| 106 | @ar | |
| 200 | 1 | @a二战情报战@AEr Zhan Qing Bao Zhan@d= World war Ⅱ intelligence war@f李乡状编著@zeng |
| 210 | @a北京@c团结出版社@d2018重印 | |
| 215 | @a232页@c图@d24cm | |
| 225 | 2 | @a二战浪漫曲@AEr Zhan Lang Man Qu |
| 330 | @a间谍的任务很多,本书详述的是情报部分。他们犹如细菌般先从敌人的内部开始破坏,逐个解散,直至敌人从一个整体变得四分五裂。而在第二次世界大战中,情报间谍也成为了大多数胜利的导火索。当然,这是他们的老本行——窃取情报。在本书中将为你揭开这些潜伏者们的神秘面纱,以及对他们的一些趣闻小故事的描写。 | |
| 410 | 0 | @12001@a二战浪漫曲 |
| 510 | 1 | @aWorld war Ⅱ intelligence war@zeng |
| 606 | 0 | @a第二次世界大战@ADi Er Ci Shi Jie Da Zhan@x情报活动@j史料 |
| 690 | @aD526@v5 | |
| 690 | @aK152@v5 | |
| 701 | 0 | @a李乡状@ALi Xiang Zhuang@4编著 |
| 801 | 2 | @aCN@b上海新华@c20191020 |
| 905 | @b1135562-5@dD526@e259@f4 | |
| 二战情报战= World war Ⅱ intelligence war/李乡状编著.-北京:团结出版社,2018重印 |
| 232页:图;24cm.-(二战浪漫曲) |
| ISBN 978-7-5126-2342-2:CNY48.00 |
| 间谍的任务很多,本书详述的是情报部分。他们犹如细菌般先从敌人的内部开始破坏,逐个解散,直至敌人从一个整体变得四分五裂。而在第二次世界大战中,情报间谍也成为了大多数胜利的导火索。当然,这是他们的老本行——窃取情报。在本书中将为你揭开这些潜伏者们的神秘面纱,以及对他们的一些趣闻小故事的描写。 |
| ● |
| 相关链接 |
|
|
|
|
正题名:二战情报战
索取号:D526/259
 
预约/预借
| 序号 | 登录号 | 条形码 | 馆藏地/架位号 | 状态 | 备注 |
| 1 | 1135562 | 211355629 | 第一样本阅览室/ [索取号:D526/259] | 在馆 | |
| 2 | 1135563 | 211355638 | 第一借阅区/ [索取号:D526/259] | 在馆 | |
| 3 | 1135564 | 211355647 | 第一借阅区/ [索取号:D526/259] | 在馆 | |
| 4 | 1135565 | 211355656 | 第一借阅区/ [索取号:D526/259] | 在馆 |